000
00331nam a22001457a 4500
008
230321b ||||| |||| 00| 0 eng d
020
_a
9780312413132
041
_a
eng
080
_2
5 EDITION
_a
004
082
_a
004LUN
100
_a
18
101
_a
SHKP
245
_a
THE ST.MARTIN'S HANDBOOK
_c
LUNSFORD.A.A
942
_2
udc
_c
BK
999
_c
59413
_d
59413